|
|
|
|
| LEADER |
00000nab a2200000 a 4500 |
| 001 |
vtls008985097 |
| 003 |
SK-MaSNL |
| 005 |
20260303065418.0 |
| 008 |
171110 2007 xo r r 000 0 slo |
| 038 |
|
|
|a KEVKJB
|
| 040 |
|
|
|a KEVKJB
|b slo
|c KEVKJB
|e AACR2
|
| 041 |
0 |
|
|a slo
|
| 044 |
|
|
|a xo
|c SK
|
| 080 |
|
|
|a 796.332.071
|2 2001
|
| 080 |
|
|
|a 929 Kvašňák, Andrej
|2 2001
|
| 245 |
0 |
0 |
|a odišiel znamenitý hráč, hlavičkár i veľký šoumen
|b vo veku 70 rokov skonala legenda československého futbalu
|
| 300 |
|
|
|b Obr.
|
| 600 |
1 |
7 |
|a Kvašňák, Andrej,
|d 1936-2007
|2 kevkjb
|9 356100
|
| 650 |
0 |
7 |
|a rodáci
|2 snkbucl
|9 30842
|
| 650 |
0 |
7 |
|a futbal
|x osobnosti
|2 kevkjb
|9 1040197
|
| 651 |
|
7 |
|a Košice (Slovensko)
|2 kevkjb
|9 18694
|
| 655 |
|
7 |
|a nekrológy
|2 kevkjb
|9 402542
|
| 773 |
0 |
|
|t Košický večer
|g Roč. 18(39), č. 16 (20.4.2007), s. 16
|x 1336-5320
|
| 852 |
|
|
|a KEVKJB
|b KIS3GCP
|
| 856 |
4 |
1 |
|u www.korzar.sk
|
| 958 |
|
|
|a BX
|
| 999 |
|
|
|c 1751097
|d 1753027
|